000
00272nam a22001337a 4500
008
180315b xxu||||| |||| 00| 0 eng d
020
_a
9780072966558
041
_a
eng
080
_a
78
100
_a
43
101
_a
MUZ
245
_a
MUSIC
_c
KAMIEN.R
942
_2
udc
_c
BK
999
_c
45084
_d
45084